000 00777nam a2200217Ii 4500
003 JO-AjNU
008 230605s9999||||xx |||||||||||||| ||und||
017 _a1992/4/199
040 _aJO-AjNU
_bara
_erda
_cJO-AjNU
041 _aara
050 1 4 _aE183.8.I7.S1612 2003
100 3 _aتاليف سابا، ميشال؛ ترجمة حجازي، هيثم علي,
_eauthor
_916045
245 0 0 _aشبكة هيرمجدون
250 _aط2
264 3 1 _aعمان: دار القدس، دار اشراق، 2003
300 _a214ص
_bيشتمل على ملاحق من ص(186-214)
336 _atext
_btxt
_2rdacontent
337 _aunmediated
_bn
_2rdamedia
338 _avolume
_bnc
_2rdacarrier
650 4 _aالتجسس-وزارة الدفاع الامريكية-تاريخ
_916046
999 _aA4669
_c8237
_d8237